[Event "Abu Dhabi Masters Online"]
[Site "Chess.com INT"]
[Date "2024.08.21"]
[Round "5"]
[White "Zirkelbach, Maj"]
[Black "Harshavardhan, GB."]
[Result "0-1"]
[WhiteElo "2261"]
[BlackElo "2401"]
[PlyCount "108"]
[EventDate "2024.08.21"]
[EventType "swiss (blitz)"]
[EventRounds "11"]
[EventCountry "UAE"]
[SourceTitle "CBM 221 Extra"]
[Source "ChessBase"]
[SourceDate "2024.09.30"]
[SourceVersion "1"]
[SourceVersionDate "2024.09.30"]
[SourceQuality "1"]

1. d4 d5 2. c4 dxc4 3. Nf3 Nf6 4. e3 e6 5. Bxc4 c5 6. Nc3 a6 7. a4 Nc6 8. 0-0 cxd4 9. exd4 Nb4 10. Bg5 Be7 11. Qe2 0-0 12. Rfd1 Bd7 13. d5 exd5 14. Bxf6 Bxf6 15. Nxd5 Nxd5 16. Bxd5 Qb6 17. a5 Qb4 18. Qc4 Qxc4 19. Bxc4 Bc6 20. Nd4 Be4 21. f3 Rac8 22. b3 Rfd8 23. Ne6 Re8 24. fxe4 Bxa1 25. Ng5 Rxc4 26. bxc4 Bf6 27. Nf3 Rxe4 28. Rd7 g5 29. Rxb7 g4 30. Nd2 Re2 31. Rd7 Bc3 32. Nb3 f5 33. Kf1 Rb2 34. Nc5 f4 35. Nxa6 g3 36. hxg3 fxg3 37. Nc5 Rf2+ 38. Kg1 Ra2 39. Kf1 Rf2+ 40. Kg1 Re2 41. Nd3 Bxa5 42. Kf1 Rd2 43. Ne5 Rf2+ 44. Kg1 Bb6 45. c5 Bxc5 46. Nd3 Rc2+ 47. Kf1 Be3 48. Re7 Bg5 49. Re4 Rc3 50. Rd4 Kg7 51. Rd5 Bf6 52. Ke2 Kf7 53. Kf3 Ke6 54. Ke4 Rc4+ 0-1

[Event "Titled Tuesday intern op 07th Nov Late"]
[Site "Chess.com INT"]
[Date "2023.11.07"]
[Round "7"]
[White "Giroyan, Gary"]
[Black "Zirkelbach, Maj"]
[Result "1-0"]
[WhiteElo "2412"]
[BlackElo "2277"]
[PlyCount "85"]
[EventDate "2023.11.07"]
[EventType "swiss (blitz)"]
[EventRounds "11"]
[EventCountry "USA"]
[SourceTitle "EXT 2025"]
[Source "ChessBase"]
[SourceDate "2024.10.14"]
[SourceVersion "1"]
[SourceVersionDate "2024.10.14"]
[SourceQuality "1"]

1. d4 Nf6 2. c4 e6 3. Nf3 d5 4. g3 Bb4+ 5. Bd2 Be7 6. Bg2 0-0 7. 0-0 c6 8. Qc2 Nbd7 9. Rc1 b6 10. a4 Ba6 11. b3 Rc8 12. a5 b5 13. c5 Ne4 14. b4 Bf6 15. Bc3 Re8 16. Ne5 Nxc3 17. Qxc3 Nxe5 18. dxe5 d4 19. Qd3 Bxe5 20. Nd2 Rc7 21. f4 Bf6 22. Ne4 e5 23. Nd6 Ree7 24. f5 Red7 25. h4 Be7 26. Ne4 f6 27. g4 Kh8 28. Kf2 Bc8 29. Rh1 a6 30. Bf3 Bf8 31. Rag1 Rf7 32. Ke1 g6 33. Nf2 gxf5 34. gxf5 Rg7 35. Ng4 Be7 36. Nh6 Bf8 37. Ng4 Be7 38. Be4 Bd7 39. Nh6 Bf8 40. Rxg7 Bxg7 41. Nf7+ Kg8 42. Nxd8 Rc8 43. Qb3+ 1-0

[Event "Titled Tuesday intern op 07th Nov Late"]
[Site "Chess.com INT"]
[Date "2023.11.07"]
[Round "4"]
[White "Leiva Rodriguez, Jeammarco Giuseppe"]
[Black "Zirkelbach, Maj"]
[Result "1-0"]
[WhiteElo "2403"]
[BlackElo "2277"]
[PlyCount "81"]
[EventDate "2023.11.07"]
[EventType "swiss (blitz)"]
[EventRounds "11"]
[EventCountry "USA"]
[SourceTitle "EXT 2025"]
[Source "ChessBase"]
[SourceDate "2024.10.14"]
[SourceVersion "1"]
[SourceVersionDate "2024.10.14"]
[SourceQuality "1"]

1. e4 e5 2. Nf3 Nc6 3. Bc4 Nf6 4. d3 Be7 5. 0-0 d6 6. a4 0-0 7. Nc3 Kh8 8. a5 a6 9. h3 Ng8 10. Nd5 f5 11. exf5 Bxf5 12. d4 Be4 13. Nd2 Bg6 14. Nxe7 Ngxe7 15. dxe5 Nxe5 16. Bb3 Nf5 17. Ne4 Qh4 18. Re1 Ne3 19. Rxe3 Bxe4 20. Rg3 Rae8 21. Bg5 Bf3 22. Bxh4 Bxd1 23. Rxd1 h6 24. Re3 Nc6 25. Rde1 Rxe3 26. Rxe3 Nxa5 27. Re7 Nxb3 28. cxb3 g5 29. Bg3 Rc8 30. f4 Kg8 31. f5 Kf8 32. Rh7 Kg8 33. Rxh6 Kf7 34. Rg6 Re8 35. Rxg5 Kf6 36. Rh5 Re3 37. Bh4+ Kg7 38. g4 Rxb3 39. g5 Rxb2 40. g6 Rb4 41. Rh7+ 1-0

[Event "Titled Tuesday intern op 07th Nov Late"]
[Site "Chess.com INT"]
[Date "2023.11.07"]
[Round "1"]
[White "Nyzhnyk, Illya"]
[Black "Zirkelbach, Maj"]
[Result "0-1"]
[WhiteElo "2611"]
[BlackElo "2277"]
[PlyCount "104"]
[EventDate "2023.11.07"]
[EventType "swiss (blitz)"]
[EventRounds "11"]
[EventCountry "USA"]
[SourceTitle "EXT 2025"]
[Source "ChessBase"]
[SourceDate "2024.10.14"]
[SourceVersion "1"]
[SourceVersionDate "2024.10.14"]
[SourceQuality "1"]

1. Nf3 Nf6 2. g3 d5 3. Bg2 c6 4. 0-0 Bg4 5. d3 Nbd7 6. c3 e5 7. Nbd2 Be7 8. Qc2 0-0 9. h3 Bh5 10. e4 dxe4 11. Nxe4 Nxe4 12. dxe4 Qc7 13. Be3 Nc5 14. b4 Ne6 15. Ne1 Rfd8 16. Nd3 f6 17. f4 exf4 18. gxf4 b6 19. f5 Nf8 20. Bf4 Qc8 21. Rae1 Qa6 22. Nc1 Qc4 23. Rf2 c5 24. Bf1 Qf7 25. b5 Kh8 26. c4 Bd6 27. Nd3 Bxf4 28. Rxf4 Rd4 29. Rh4 g5 30. fxg6 Bxg6 31. Nf4 Re8 32. Nd5 f5 33. Qf2 fxe4 34. Qxf7 Bxf7 35. Nf6 Re6 36. Nd5 Rg6+ 37. Bg2 Bxd5 38. cxd5 Rxd5 39. Rhxe4 Rd8 40. Re7 Rg7 41. Kh1 c4 42. Rxg7 Kxg7 43. Re7+ Kf6 44. Rxa7 Ne6 45. Ra3 Rd1+ 46. Kh2 Rd3 47. Ra4 c3 48. Rc4 Ke5 49. Bf1 Rd2+ 50. Kg3 c2 51. Kf3 Nd4+ 52. Ke3 Rd1 0-1

[Event "Titled Tuesday intern op 07th Nov Late"]
[Site "Chess.com INT"]
[Date "2023.11.07"]
[Round "5"]
[White "Zirkelbach, Maj"]
[Black "Luczak, Filip"]
[Result "1-0"]
[WhiteElo "2277"]
[BlackElo "2319"]
[PlyCount "95"]
[EventDate "2023.11.07"]
[EventType "swiss (blitz)"]
[EventRounds "11"]
[EventCountry "USA"]
[SourceTitle "EXT 2025"]
[Source "ChessBase"]
[SourceDate "2024.10.14"]
[SourceVersion "1"]
[SourceVersionDate "2024.10.14"]
[SourceQuality "1"]

1. d4 g6 2. c4 Bg7 3. h4 d6 4. h5 e5 5. d5 f5 6. hxg6 hxg6 7. Rxh8 Bxh8 8. Nc3 a5 9. e4 Na6 10. Bd3 Nc5 11. Bc2 Qh4 12. Qf3 Bd7 13. Be3 0-0-0 14. 0-0-0 f4 15. Bxc5 dxc5 16. g3 fxg3 17. Qxg3 Qh6+ 18. Kb1 Ne7 19. Nf3 Qf4 20. d6 cxd6 21. Rxd6 Bg4 22. Rxd8+ Kxd8 23. Nh2 Be6 24. Nd5 Bxd5 25. cxd5 Qxg3 26. fxg3 Nc8 27. a4 Nd6 28. Nf3 Bf6 29. b3 Kc7 30. Bd3 b6 31. Kc2 Nf7 32. Kd2 Ng5 33. Ke3 Nxf3 34. Kxf3 Kd6 35. Kg4 Ke7 36. Bb5 Kf7 37. d6 Bd8 38. Bd7 Kf6 39. Kf3 Kf7 40. Ke3 Bg5+ 41. Kd3 Bd8 42. Kc4 Kf6 43. Kd5 g5 44. g4 Kf7 45. Kc6 Kg7 46. Kb7 Kf7 47. Kc8 Bf6 48. Kc7 1-0

[Event "Titled Tuesday intern op 12th Sep Late"]
[Site "Chess.com INT"]
[Date "2023.09.12"]
[Round "5"]
[White "Zirkelbach, Maj"]
[Black "Kushko, Dmitriy"]
[Result "0-1"]
[WhiteElo "2277"]
[BlackElo "2426"]
[PlyCount "116"]
[EventDate "2023.09.12"]
[EventType "swiss (blitz)"]
[EventRounds "11"]
[EventCountry "USA"]
[SourceTitle "EXT 2024"]
[Source "ChessBase"]
[SourceDate "2023.10.10"]
[SourceVersion "1"]
[SourceVersionDate "2023.10.10"]
[SourceQuality "1"]

1. d4 g6 2. c4 Bg7 3. h4 Nf6 4. Nc3 d6 5. e4 0-0 6. Be2 h5 7. Bg5 a6 8. Nf3 Bg4 9. 0-0 Nfd7 10. e5 dxe5 11. dxe5 Nxe5 12. Nxe5 Qxd1 13. Bxd1 Bxe5 14. Bxg4 Bxc3 15. Bxe7 Re8 16. Bf3 Rxe7 17. bxc3 c6 18. Rab1 Ra7 19. Rfe1 Rxe1+ 20. Rxe1 Kf8 21. Rd1 Ke7 22. Re1+ Kd8 23. g4 hxg4 24. Bxg4 f5 25. Bf3 Nd7 26. Re6 Nf8 27. Rd6+ Ke7 28. c5 Ra8 29. h5 Rd8 30. hxg6 Rxd6 31. cxd6+ Kf6 32. Bh5 Ne6 33. Kf1 Ng7 34. Be2 Kxg6 35. Bc4 Kf6 36. f4 Nh5 37. Kf2 Nxf4 38. Ke3 Ne6 39. d7 Nd8 40. Kf4 Ke7 41. Kxf5 Kxd7 42. Ke5 Kc7 43. a4 a5 44. Kf6 b6 45. Ke7 Nb7 46. Bb3 Nc5 47. Bc2 b5 48. axb5 cxb5 49. Kf6 Kd6 50. Kf5 Kd5 51. Kf4 Kc4 52. Ke3 Kxc3 53. Bg6 b4 54. Ke2 b3 55. Ke1 a4 56. Kd1 a3 57. Kc1 a2 58. Bb1 a1Q 0-1

[Event "Speed Chess Q1 Sw"]
[Site "Chess.com INT"]
[Date "2023.08.21"]
[Round "5"]
[White "Baskakov, Egor"]
[Black "Zirkelbach, Maj"]
[Result "1-0"]
[WhiteElo "2215"]
[BlackElo "2277"]
[PlyCount "79"]
[EventDate "2023.08.21"]
[EventType "k.o. (blitz)"]
[EventRounds "14"]
[EventCountry "USA"]
[SourceTitle "CBM 215 Extra"]
[Source "ChessBase"]
[SourceDate "2023.09.30"]
[SourceVersion "1"]
[SourceVersionDate "2023.09.30"]
[SourceQuality "1"]

1. e4 e5 2. Nc3 Nf6 3. g3 Nc6 4. Bg2 Bc5 5. h3 d6 6. Nge2 a6 7. d3 Be6 8. Nd5 Bxd5 9. exd5 Ne7 10. c4 h5 11. d4 exd4 12. Nxd4 Qd7 13. Qd3 h4 14. g4 0-0-0 15. 0-0 Ng6 16. Kh1 Ne5 17. Qc3 Nexg4 18. hxg4 h3 19. Bf3 Nxg4 20. b4 Ba7 21. c5 Ne5 22. Be4 dxc5 23. Bf5 cxd4 24. Bxd7+ Rxd7 25. Qb3 Rh5 26. Bf4 Ng6 27. Bg3 Rhxd5 28. Rae1 Kd8 29. Qd3 c6 30. f4 Ne7 31. f5 f6 32. Rf3 Bb6 33. Bh2 Kc8 34. Rxh3 Nxf5 35. Rh8+ Bd8 36. a4 g6 37. b5 axb5 38. axb5 Rxb5 39. Qa3 Nd6 40. Bxd6 1-0

[Event "Speed Chess Q1 Sw"]
[Site "Chess.com INT"]
[Date "2023.08.21"]
[Round "6"]
[White "Zirkelbach, Maj"]
[Black "Osinovsky, Stepan"]
[Result "1-0"]
[WhiteElo "2277"]
[BlackElo "2241"]
[PlyCount "77"]
[EventDate "2023.08.21"]
[EventType "k.o. (blitz)"]
[EventRounds "14"]
[EventCountry "USA"]
[SourceTitle "CBM 215 Extra"]
[Source "ChessBase"]
[SourceDate "2023.09.30"]
[SourceVersion "1"]
[SourceVersionDate "2023.09.30"]
[SourceQuality "1"]

1. d4 Nf6 2. c4 g6 3. h4 Bg7 4. Nc3 d6 5. e4 e5 6. d5 Nbd7 7. Be2 Nc5 8. f3 a5 9. g4 h5 10. g5 Nfd7 11. Nh3 0-0 12. Be3 Re8 13. Nf2 c6 14. dxc6 bxc6 15. Qxd6 Bf8 16. Qxc6 Ra6 17. Qb5 Bb7 18. 0-0-0 Qc8 19. Bxc5 Nxc5 20. Rd5 Bxd5 21. exd5 Re7 22. Nfe4 Rb7 23. Nf6+ Kh8 24. Qe8 Qxe8 25. Nxe8 Rab6 26. b3 a4 27. Nb5 axb3 28. axb3 Nxb3+ 29. Kc2 Nd4+ 30. Kd2 Nxb5 31. cxb5 Ra7 32. Rc1 Rb8 33. Nf6 Bg7 34. Ne4 Bf8 35. Rc6 Bb4+ 36. Ke3 Ra3+ 37. Kf2 Ra2 38. Kf1 Ra1+ 39. Kg2 1-0

[Event "Titled Tuesday intern op 08th Aug Late"]
[Site "Chess.com INT"]
[Date "2023.08.08"]
[Round "7"]
[White "Yanchenko, Roman"]
[Black "Zirkelbach, Maj"]
[Result "1-0"]
[WhiteElo "2466"]
[BlackElo "2277"]
[PlyCount "129"]
[EventDate "2023.08.08"]
[EventType "swiss (blitz)"]
[EventRounds "11"]
[EventCountry "USA"]
[SourceTitle "EXT 2024"]
[Source "ChessBase"]
[SourceDate "2023.10.10"]
[SourceVersion "1"]
[SourceVersionDate "2023.10.10"]
[SourceQuality "1"]

1. d4 Nf6 2. Bf4 d5 3. e3 e6 4. Nf3 c5 5. Nbd2 Nc6 6. Be2 cxd4 7. exd4 Bd6 8. Bxd6 Qxd6 9. 0-0 0-0 10. Bd3 e5 11. dxe5 Nxe5 12. Nxe5 Qxe5 13. c3 Bg4 14. Qa4 Rfe8 15. h3 Bd7 16. Qd4 Qxd4 17. cxd4 Rac8 18. Rac1 Kf8 19. Nf3 h6 20. Ne5 Be6 21. a3 Ke7 22. f4 Rxc1 23. Rxc1 Rc8 24. Rxc8 Bxc8 25. Kf2 Nd7 26. Ke3 f6 27. Nf3 Kd6 28. Nd2 Nf8 29. Nb1 Ne6 30. Nc3 a6 31. Bf5 Bd7 32. Bxe6 Bxe6 33. Na4 Bc8 34. g4 Bd7 35. Nc5 Bc8 36. f5 b6 37. Nd3 Bd7 38. Nf4 Bc8 39. Nh5 Bd7 40. Nxg7 Ba4 41. b4 a5 42. bxa5 bxa5 43. Kd2 Bb5 44. Ke1 Bd3 45. Kf2 Ke7 46. Ne6 Be4 47. Nc5 Bc2 48. Nb7 a4 49. Nc5 Kd6 50. Ke1 Kc6 51. Kd2 Be4 52. Nxe4 dxe4 53. Ke3 Kd5 54. h4 Kc4 55. g5 hxg5 56. hxg5 fxg5 57. f6 Kb3 58. f7 Kxa3 59. f8Q+ Kb2 60. Qb4+ Kc2 61. Qxa4+ Kc1 62. Kxe4 g4 63. Qa2 g3 64. Kd3 g2 65. Qa1# 1-0

[Event "Titled Tuesday intern op 21st Mar Late"]
[Site "Chess.com INT"]
[Date "2023.03.21"]
[Round "1"]
[White "Zirkelbach, Maj"]
[Black "Costachi, Mihnea"]
[Result "0-1"]
[WhiteElo "2278"]
[BlackElo "2476"]
[PlyCount "118"]
[EventDate "2023.03.21"]
[EventType "swiss (blitz)"]
[EventRounds "11"]
[EventCountry "USA"]
[SourceTitle "EXT 2024"]
[Source "ChessBase"]
[SourceDate "2023.10.10"]
[SourceVersion "1"]
[SourceVersionDate "2023.10.10"]
[SourceQuality "1"]

1. d4 Nf6 2. c4 g6 3. h4 h5 4. Nc3 c6 5. e4 d5 6. e5 Ng4 7. Nf3 Bh6 8. Ng5 f6 9. Nf3 Bxc1 10. Qxc1 Bf5 11. cxd5 cxd5 12. Bb5+ Nc6 13. Bxc6+ bxc6 14. 0-0 fxe5 15. dxe5 e6 16. Na4 Rc8 17. Nc5 Qe7 18. b4 0-0 19. Re1 Rb8 20. a3 a5 21. Qd2 axb4 22. axb4 Ra8 23. Ng5 Kg7 24. g3 Nh6 25. Qb2 Nf7 26. Nxf7 Qxf7 27. b5 cxb5 28. Rxa8 Rxa8 29. Qxb5 Rd8 30. Qc6 Kh6 31. Nb7 Rf8 32. Nd6 Qa7 33. Re2 Bg4 34. Qc1+ Kh7 35. Rc2 Qd4 36. Rc7+ Kg8 37. Qe1 Ra8 38. Rc8+ Rxc8 39. Nxc8 Bf3 40. Nd6 Qb2 41. Kh2 d4 42. Ne4 Bxe4 43. Qxe4 Qxf2+ 44. Kh3 Qf5+ 45. Qxf5 exf5 46. Kg2 Kf7 47. Kf3 Ke6 48. Kf4 Kd5 49. Kg5 Kxe5 50. Kxg6 d3 51. Kxh5 Kf6 52. Kh6 d2 53. g4 d1Q 54. g5+ Ke6 55. h5 f4 56. g6 Qg4 57. g7 Ke5 58. g8Q Qf5 59. Qg7+ Qf6+ 0-1

[Event "Titled Tuesday intern op 21st Mar Late"]
[Site "Chess.com INT"]
[Date "2023.03.21"]
[Round "3"]
[White "Zirkelbach, Maj"]
[Black "Do Valle Cardoso, Lucas"]
[Result "0-1"]
[WhiteElo "2278"]
[BlackElo "2250"]
[PlyCount "86"]
[EventDate "2023.03.21"]
[EventType "swiss (blitz)"]
[EventRounds "11"]
[EventCountry "USA"]
[SourceTitle "EXT 2024"]
[Source "ChessBase"]
[SourceDate "2023.10.10"]
[SourceVersion "1"]
[SourceVersionDate "2023.10.10"]
[SourceQuality "1"]

1. d4 d5 2. c4 dxc4 3. Nf3 Nf6 4. e3 b5 5. a4 b4 6. Bxc4 e6 7. 0-0 Be7 8. b3 0-0 9. Bb2 Bb7 10. Nbd2 Nbd7 11. Rc1 c5 12. Qe2 Rc8 13. Rfd1 Qc7 14. e4 Qb8 15. e5 Nd5 16. Ne4 cxd4 17. Bxd4 Rfd8 18. Nd6 Bxd6 19. exd6 Qxd6 20. Bxa7 Nc5 21. Qe5 Qxe5 22. Nxe5 Ne4 23. Bxd5 Bxd5 24. Bb6 Re8 25. a5 Nc3 26. Re1 Ne2+ 27. Kf1 Nxc1 28. a6 Nxb3 29. a7 Nd2+ 30. Ke2 Nc4 31. Nxc4 Bxc4+ 32. Ke3 Bd5 33. Rb1 b3 34. f3 g5 35. h3 f6 36. g3 Kf7 37. Ra1 Kg6 38. Bd4 e5 39. Bb6 Rc3+ 40. Kd2 Rxf3 41. Bc7 Rxg3 42. Bb8 Ba8 43. h4 gxh4 0-1

[Event "EU-ch 22nd"]
[Site "Terme Catez"]
[Date "2022.03.31"]
[Round "5"]
[White "Sahidi, Samir"]
[Black "Zirkelbach, Maj"]
[Result "1-0"]
[WhiteElo "2432"]
[BlackElo "2295"]
[PlyCount "101"]
[EventDate "2022.03.27"]
[EventType "swiss"]
[EventRounds "11"]
[EventCountry "SLO"]
[SourceTitle "CBM 208"]
[Source "ChessBase"]
[SourceDate "2022.06.30"]
[SourceVersion "1"]
[SourceVersionDate "2022.06.30"]
[SourceQuality "1"]

1. d4 Nf6 2. c4 e6 3. Nf3 d5 4. g3 Bb4+ 5. Bd2 Be7 6. Bg2 c6 7. Qc2 Nbd7 8. 0-0 0-0 9. Nc3 b6 10. Bf4 Ba6 11. Nd2 Nh5 12. Rac1 Nxf4 13. gxf4 f5 14. Kh1 Kh8 15. cxd5 exd5 16. Nf3 Bb7 17. Rg1 Rc8 18. e3 g6 19. Qa4 a5 20. Qb3 b5 21. Ne2 b4 22. Ne5 Ba6 23. Ng3 Nxe5 24. dxe5 Qb6 25. Qc2 Rfd8 26. Bf1 c5 27. Bxa6 Qxa6 28. Rgd1 d4 29. b3 h5 30. Kg1 h4 31. Nf1 Qb7 32. Qe2 d3 33. Rxd3 Rxd3 34. Qxd3 g5 35. Qxf5 Rg8 36. e4 gxf4+ 37. Kh1 Bg5 38. Rd1 Qg7 39. Rd7 Qh6 40. Nd2 f3 41. Nxf3 Be7 42. Rd1 Rf8 43. Qg4 Rf4 44. Qh3 Qg6 45. Nd2 Rxf2 46. Rg1 Qh6 47. Qg4 Qh7 48. Nf3 Bd8 49. e6 Bc7 50. e7 Qf7 51. Qxh4+ 1-0

[Event "EU-ch 22nd"]
[Site "Terme Catez"]
[Date "2022.03.29"]
[Round "3"]
[White "Damjanovic, Vuk"]
[Black "Zirkelbach, Maj"]
[Result "1/2-1/2"]
[WhiteElo "2409"]
[BlackElo "2295"]
[PlyCount "141"]
[EventDate "2022.03.27"]
[EventType "swiss"]
[EventRounds "11"]
[EventCountry "SLO"]
[SourceTitle "CBM 208"]
[Source "ChessBase"]
[SourceDate "2022.06.30"]
[SourceVersion "1"]
[SourceVersionDate "2022.06.30"]
[SourceQuality "1"]

1. b3 e5 2. Bb2 Nc6 3. e3 a6 4. c4 Nf6 5. Nc3 d6 6. Nf3 g6 7. d4 exd4 8. Nxd4 Ne5 9. Be2 Bg7 10. 0-0 0-0 11. Qd2 Bg4 12. f3 Bd7 13. Rad1 Re8 14. e4 Bc6 15. Kh1 h5 16. Qe1 Qe7 17. b4 Rac8 18. Bc1 Bd7 19. Bg5 Qf8 20. Qg3 Nh7 21. Be3 Nc6 22. Nxc6 Bxc6 23. Nd5 Nf6 24. Nf4 Qe7 25. Bd3 b5 26. Bd4 Bd7 27. Rfe1 Qf8 28. c5 Be6 29. Nxe6 Rxe6 30. a4 Rb8 31. axb5 axb5 32. Bc2 Kh7 33. Bb3 Ree8 34. e5 dxe5 35. Bxe5 Ra8 36. Bxc7 Ra3 37. Bd6 Qg8 38. Bc2 Ra2 39. Bd3 Rxe1+ 40. Rxe1 Nd5 41. Bxb5 Bc3 42. Rg1 Qa8 43. Bc4 Ra1 44. Qf2 Nxb4 45. h4 Nc6 46. Rxa1 Qxa1+ 47. Qf1 Qb2 48. Bxf7 Nd4 49. g4 hxg4 50. fxg4 Qb7+ 51. Kh2 Nf3+ 52. Kg3 Be1+ 53. Kh3 Qxf7 54. Qd3 Nxh4 55. Qe2 Qb3+ 56. Kh2 Nf3+ 57. Kg2 Nh4+ 58. Kf1 Bg3 59. Qe7+ Kg8 60. Qe8+ Kh7 61. Qd7+ Kg8 62. Qc8+ Kh7 63. Qc7+ Kg8 64. Qd8+ Kh7 65. Qe7+ Kg8 66. Qf8+ Kh7 67. Qe7+ Kg8 68. Qe8+ Kh7 69. Qe7+ Kg8 70. Qf8+ Kh7 71. Qe7+ 1/2-1/2

[Event "EU-ch 22nd"]
[Site "Terme Catez"]
[Date "2022.03.27"]
[Round "1"]
[White "Zirkelbach, Maj"]
[Black "Moroni, Luca Jr"]
[Result "1/2-1/2"]
[WhiteElo "2295"]
[BlackElo "2588"]
[PlyCount "89"]
[EventDate "2022.03.27"]
[EventType "swiss"]
[EventRounds "11"]
[EventCountry "SLO"]
[SourceTitle "CBM 208"]
[Source "ChessBase"]
[SourceDate "2022.06.30"]
[SourceVersion "1"]
[SourceVersionDate "2022.06.30"]
[SourceQuality "1"]

1. d4 Nf6 2. c4 e6 3. Nf3 d5 4. Nc3 dxc4 5. e4 b5 6. e5 Nd5 7. Nxb5 Nb6 8. Qc2 Ba6 9. a4 Nc6 10. Be3 Nb4 11. Qc1 Be7 12. Be2 0-0 13. 0-0 Rb8 14. Nc3 N6d5 15. Rd1 Nxe3 16. fxe3 Qd7 17. Nd2 Nd3 18. Bxd3 cxd3 19. Nb5 c5 20. dxc5 Bxb5 21. axb5 Qxb5 22. Ne4 Rfc8 23. Qd2 Bxc5 24. Qxd3 Qxd3 25. Rxd3 Bf8 26. b3 Rc7 27. Nd6 h5 28. Kf2 Rd8 29. Rad1 a5 30. Ke2 Rb8 31. Ra1 Rc2+ 32. Kf3 g5 33. h3 Rb4 34. Rxa5 Bg7 35. Nc4 Kh7 36. Ra7 Kg6 37. Rdd7 g4+ 38. hxg4 hxg4+ 39. Kg3 Rxb3 40. Rxf7 Rxc4 41. Rxg7+ Kf5 42. Raf7+ Kxe5 43. Rg5+ Kd6 44. Rxg4 Rxe3+ 45. Rf3 1/2-1/2

[Event "SLO-chT NML 31st"]
[Site "Ptuj/Grosuplje"]
[Date "2021.10.08"]
[Round "1.3"]
[White "Gjuran, Denis"]
[Black "Zirkelbach, Maj"]
[Result "1-0"]
[WhiteElo "2328"]
[BlackElo "2321"]
[PlyCount "63"]
[EventDate "2021.10.08"]
[EventType "team-tourn"]
[EventRounds "9"]
[EventCountry "SLO"]
[SourceTitle "EXT 2023"]
[Source "ChessBase"]
[SourceDate "2022.10.05"]
[SourceVersion "1"]
[SourceVersionDate "2022.10.05"]
[SourceQuality "1"]
[WhiteTeam "Pomgrad"]
[BlackTeam "Novo Mesto Krka"]
[WhiteTeamCountry "SLO"]
[BlackTeamCountry "SLO"]

1. e4 e5 2. Nf3 Nc6 3. Bc4 Bc5 4. 0-0 Nf6 5. d3 d6 6. c3 a5 7. a4 0-0 8. Bg5 h6 9. Bh4 g5 10. Bg3 Nh7 11. d4 Ba7 12. dxe5 g4 13. Nd4 Nxe5 14. Be2 h5 15. Nd2 Ng6 16. f3 h4 17. Bf2 g3 18. hxg3 hxg3 19. Bxg3 Qg5 20. Qe1 Nf4 21. Bc4 Kg7 22. Bxf4 Qxf4 23. g3 Qe5 24. Kg2 Bxd4 25. cxd4 Qxd4 26. Rh1 Qxb2 27. Qe3 Qf6 28. Rh5 Rh8 29. Rah1 Bd7 30. e5 dxe5 31. Bd3 Rad8 32. Rh6 1-0

[Event "Otocec Krka Terme op"]
[Site "Otocec"]
[Date "2021.07.06"]
[Round "5"]
[White "Hrescak, Ivana"]
[Black "Zirkelbach, Maj"]
[Result "0-1"]
[WhiteElo "2130"]
[BlackElo "2278"]
[PlyCount "48"]
[EventDate "2021.07.03"]
[EventType "swiss"]
[EventRounds "9"]
[EventCountry "SLO"]
[SourceTitle "CBM 203 Extra"]
[Source "ChessBase"]
[SourceDate "2021.09.30"]
[SourceVersion "1"]
[SourceVersionDate "2021.09.30"]
[SourceQuality "1"]

1. d4 Nf6 2. c4 e6 3. Nc3 Bb4 4. e3 0-0 5. Nge2 c6 6. a3 Ba5 7. b4 Bc7 8. e4 d5 9. cxd5 exd5 10. e5 Nfd7 11. Be3 a5 12. b5 f6 13. f4 Qe7 14. Qc1 fxe5 15. dxe5 Nxe5 16. fxe5 Bxe5 17. Qd2 Nd7 18. Rd1 Nf6 19. bxc6 bxc6 20. Nd4 Ng4 21. Nxc6 Qh4+ 22. g3 Bxg3+ 23. hxg3 Qxg3+ 24. Ke2 Ba6+ 0-1

[Event "Otocec Krka Terme op"]
[Site "Otocec"]
[Date "2021.07.05"]
[Round "4"]
[White "Zirkelbach, Maj"]
[Black "Srebrnic, Marko"]
[Result "0-1"]
[WhiteElo "2278"]
[BlackElo "2400"]
[PlyCount "86"]
[EventDate "2021.07.03"]
[EventType "swiss"]
[EventRounds "9"]
[EventCountry "SLO"]
[SourceTitle "CBM 203 Extra"]
[Source "ChessBase"]
[SourceDate "2021.09.30"]
[SourceVersion "1"]
[SourceVersionDate "2021.09.30"]
[SourceQuality "1"]

1. d4 Nf6 2. c4 d6 3. Nf3 g6 4. Nc3 Bf5 5. Nh4 Bd7 6. e4 e5 7. Nf3 exd4 8. Nxd4 Bg7 9. Be2 0-0 10. Be3 Re8 11. f3 Nc6 12. Qd2 Nh5 13. Nxc6 bxc6 14. g4 Nf6 15. h4 d5 16. 0-0-0 dxe4 17. Bg5 h6 18. Bxf6 Qxf6 19. Qxd7 exf3 20. Bd3 Re7 21. Qxe7 Qxe7 22. Kc2 Rb8 23. b3 f2 24. h5 Qe5 25. Na4 Rb4 26. Kd2 Qf4+ 27. Kc2 Qf6 28. Kd2 Rb8 29. Rhf1 Rd8 30. Kc2 Qf3 31. Nc5 Qxg4 32. hxg6 fxg6 33. Rd2 Qd4 34. Ne4 Rf8 35. Nxf2 Re8 36. Bxg6 Qc3+ 37. Kd1 Qa1+ 38. Kc2 Qxa2+ 39. Kc1 Qa3+ 40. Kc2 Qb2+ 41. Kd1 Qxb3+ 42. Bc2 Qf3+ 43. Kc1 Qa3+ 0-1